Przegrany skład Arsenalu z finału LE - Statystyki

Ogólne statystyki
  • Ten quiz został rozwiązany 142 razy
  • Średni wynik to 10 z 15
Statystyki odpowiedzi
Kraj Nazwisko % Poprawnych
Czechy Cech
96%
Gabon Aubameyang
90%
Szwajcaria Xhaka
85%
Grecja Sokratis
84%
Trener Emery
81%
Bośnia i Hercegowina Kolasinać
80%
Niemcy Ozil
80%
Urugwaj Torreira
78%
Francja Lacazette
75%
Nigeria Iwobi
74%
Francja Koscielny
73%
Hiszpania Monreal
59%
Francja Guendouzi
35%
Anglia Maitland-Niles
28%
Anglia Willock
22%
Nie znaleziono quizów pasujących do podanych kryteriów
Rozkład punktacji
Procent ludzi z każdym wynikiem
Percentyl według liczby udzielonych odpowiedzi
Twoja historia wyników
Nie rozwiązałeś tego quizu